[Event "Mechanics' Spring TNM; G/2"]
[Site "San Francisco"]
[Date "2017.04.04"]
[Round "4.31"]
[White "Babayan, Gagik"]
[Black "Tuck, Drew"]
[Result "1-0"]
[WhiteElo "1806"]
[BlackElo "1479"]
[PlyCount "61"]
[EventDate "2017.??.??"]

1. e4 e5 2. Nf3 Nc6 3. Bb5 a6 4. Bxc6 dxc6 5. O-O f6 6. d4 exd4 7. Nxd4 c5 8.
Nb3 Qxd1 9. Rxd1 Bd7 10. Nc3 Bd6 11. Na5 O-O-O 12. Nc4 Bf8 13. Bf4 Ne7 14. Nd5
Nxd5 15. exd5 Bb5 16. Ne3 Bd6 17. Bxd6 Rxd6 18. c4 Bd7 19. b4 b6 20. bxc5 bxc5
21. Rab1 Rd8 22. Rd2 Rb6 23. Rdb2 Rxb2 24. Rxb2 Ba4 25. g4 Re8 26. Kg2 Re4 27.
Kf3 Rd4 28. Ke2 Kd7 29. Rb8 c6 30. Rb7+ Kd6 31. Nf5+ 1-0

[Event "Mechanics' Winter TNM; G/2"]
[Site "San Francisco"]
[Date "2017.01.03"]
[Round "1.22"]
[White "Babayan, Gagik"]
[Black "Valente, Marty"]
[Result "1-0"]
[WhiteElo "1850"]
[BlackElo "1291"]
[PlyCount "65"]
[EventDate "2017.??.??"]

1. d4 c6 2. c4 d6 3. e4 Qc7 4. Nf3 Bg4 5. Be2 Nf6 6. Nc3 Nbd7 7. O-O e5 8. Be3
Be7 9. h3 Bh5 10. a3 O-O 11. b4 Rfd8 12. Rc1 Rac8 13. Qd3 Qb8 14. g4 Bg6 15.
Nh4 Bxe4 $2 16. Nxe4 Nxe4 {Diagram [#]} 17. Nf5 Re8 18. Qxe4 Bf6 19. d5 Nf8 20.
Rfd1 a6 21. a4 Qc7 22. dxc6 Qxc6 23. Qxc6 Rxc6 24. Nxd6 Re7 25. Ne4 h6 26. b5
axb5 27. cxb5 Rxc1 28. Rxc1 Kh7 29. b6 Bh4 30. Rc7 Ng6 31. Bc5 Nf4 32. Bf1 Re6
33. Rxf7 1-0

[Event "Mechanics' Summer TNM; G/2 d5"]
[Site "San Francisco"]
[Date "2017.06.13"]
[Round "4.8"]
[White "Babayan, Gagik"]
[Black "Vickers, Keith"]
[Result "1/2-1/2"]
[WhiteElo "1807"]
[BlackElo "2200"]
[PlyCount "108"]
[EventDate "2017.??.??"]

1. d4 f5 2. c4 e6 3. Nf3 Nf6 4. Nc3 Bb4 5. Bd2 O-O 6. g3 d6 7. Bg2 a5 8. O-O
Bxc3 9. Bxc3 Ne4 10. Be1 Qf6 11. e3 Nc6 12. Nd2 Ng5 13. h4 Nf7 14. a3 Bd7 15.
Nf3 Rad8 16. Bc3 b6 17. b4 axb4 18. axb4 e5 19. d5 Ne7 20. b5 Nc8 21. Qd2 g5
22. hxg5 Nxg5 23. Nh4 Ne4 24. Qc2 Nxc3 25. Qxc3 Rf7 26. f4 Qg7 27. Kh2 Re8 28.
Rae1 Ne7 29. Bf3 Ng6 30. Bh5 Qh6 31. Bxg6 hxg6 32. Kg2 Rfe7 33. Nf3 exf4 34.
exf4 Re4 35. Ng5 Re2+ 36. Rxe2 Rxe2+ 37. Rf2 Rxf2+ 38. Kxf2 Qh2+ 39. Ke1 Qg1+
40. Kd2 Qf2+ 41. Kc1 Qf1+ 42. Kb2 Qe2+ 43. Ka3 Qe7 44. Kb3 Qg7 45. Qe3 Kf8 46.
Ne6+ Bxe6 47. Qxe6 Qe7 48. Qxg6 Qe3+ 49. Ka4 Qd3 50. Qf6+ Ke8 51. Kb4 Qb1+ 52.
Ka3 Qc1+ 53. Kb4 Qb1+ 54. Ka3 Qc1+ 1/2-1/2

[Event "Mechanics' Summer TNM; G/2 d5"]
[Site "San Francisco"]
[Date "2017.06.06"]
[Round "3.26"]
[White "Babayan, Gagik"]
[Black "White, Benjamin M"]
[Result "1-0"]
[WhiteElo "1807"]
[BlackElo "1466"]
[PlyCount "49"]
[EventDate "2017.??.??"]

1. e4 e5 2. Nf3 Nc6 3. Bb5 a6 4. Ba4 b5 5. Bb3 Bc5 6. O-O d6 7. h3 Bb7 8. c3
Nf6 9. d4 Bb6 10. Re1 O-O 11. Bg5 Na5 12. Bc2 h6 13. Bh4 g5 $2 {Diagram [#]}
14. Nxg5 $1 hxg5 15. Bxg5 Kg7 16. Re3 Qd7 17. Rg3 Rg8 18. dxe5 Nxe4 19. Bxe4
Bxe4 20. Bf6+ Kf8 21. Rxg8+ Kxg8 22. Qh5 Bh7 23. Qh6 Bxf2+ 24. Kh1 dxe5 25.
Qg7# 1-0

[Event "Mechanics' Peter Grey TNM; G/2 d5"]
[Site "San Francisco"]
[Date "2017.09.12"]
[Round "6.7"]
[White "Babayan, Gagik"]
[Black "Wong, Russell"]
[Result "0-1"]
[WhiteElo "1813"]
[BlackElo "2200"]
[PlyCount "102"]
[EventDate "2017.??.??"]

1. e4 Nf6 2. e5 Nd5 3. d4 d6 4. Nf3 Bg4 5. h3 Bxf3 6. Qxf3 dxe5 7. dxe5 e6 8.
Bc4 c6 9. O-O Nd7 10. Re1 g6 11. Bxd5 cxd5 12. c4 Nb6 13. cxd5 Nxd5 14. Nc3
Nxc3 15. Qxc3 Rc8 16. Qb3 Qa5 17. Be3 Bb4 18. Red1 O-O 19. a3 Bc5 20. Bh6 Rfe8
21. Qf3 Bf8 22. Rd7 Re7 23. Rxe7 Bxe7 24. Qxb7 Qc7 25. Qa6 Rb8 26. Rc1 Qd7 27.
b4 g5 28. Qc4 Rd8 29. h4 Qd2 30. Bxg5 Bxg5 31. hxg5 Qxg5 32. Re1 h5 33. a4 Qd2
34. Re3 Rd4 35. Rg3+ Kh7 36. Qf1 Qxb4 37. Rh3 Qxa4 38. Qb1+ Kg7 39. Kh2 h4 40.
Qc1 Rg4 41. Kh1 Qd4 42. f3 Rg6 43. Qe1 Qb2 44. Rh2 Rg3 45. Qf1 Qd4 46. Qe1 a5
47. Rh3 Rxh3+ 48. gxh3 a4 49. Qe2 a3 50. Qg2+ Kf8 51. f4 Qa1+ 0-1

[Event "Mechanics' Winter TNM; G/2"]
[Site "San Francisco"]
[Date "2017.02.14"]
[Round "7.14"]
[White "Bachseitz, Martin"]
[Black "Sarafian, Greg"]
[Result "0-1"]
[WhiteElo "1790"]
[BlackElo "1883"]
[PlyCount "70"]
[EventDate "2017.??.??"]

1. e4 d6 2. d4 g6 3. c4 Bg7 4. Nc3 c6 5. Be3 Nf6 6. f3 Nbd7 7. Qd2 h6 8. Bd3 a6
9. Nge2 c5 10. Bc2 cxd4 11. Bxd4 O-O 12. O-O-O b5 13. c5 dxc5 14. Bxc5 Bb7 15.
Be3 Kh7 16. g4 Qa5 17. Nd4 Ne5 18. Nb3 Qc7 19. Bf4 Rfd8 20. Qf2 b4 21. Bxe5
Qxe5 22. Rxd8 Rxd8 23. Qb6 Rb8 24. Qxb4 Qf4+ 25. Nd2 Nd5 26. Nxd5 Bxd5 27. Qxe7
Bxb2+ 28. Kd1 Bc3 29. Nf1 Qxf3+ 30. Kc1 Qxh1 31. Bd3 Bb2+ 32. Kd2 Qg2+ 33. Ke3
Bc1+ 34. Kd4 Be6 35. Qd6 Qb2+ 0-1

[Event "Mechanics' Fall TNM; G/2 d5"]
[Site "San Francisco"]
[Date "2017.12.12"]
[Round "8.46"]
[White "Badgett, James"]
[Black "Frank, Robert H"]
[Result "0-1"]
[WhiteElo "974"]
[BlackElo "1293"]
[Annotator "Donaldson"]
[PlyCount "82"]
[EventDate "2017.??.??"]

1. e4 e5 2. Nf3 Nf6 3. Nc3 Nc6 4. Bc4 Bc5 (4... Nxe4) 5. O-O O-O 6. d3 h6 7.
Be3 Bxe3 (7... d6) (7... Bb6) 8. fxe3 d6 9. d4 Ng4 10. Qd2 Re8 11. Rae1 a6 12.
a3 b5 $2 {Diagram [#]} 13. Bd5 $2 (13. Bxf7+ $1 Kxf7 14. Nxe5+ Kg8 15. Nxc6 $18
) 13... Bb7 $2 (13... Bd7) 14. b4 $2 (14. Bxf7+ $1 Kxf7 15. Nxe5+ Kg8 16. Nxg4
$18) 14... Nf6 15. Bb3 exd4 16. exd4 a5 17. d5 $2 {
White blocks his beautiful bishop.} (17. Nh4 axb4 18. axb4 Nxb4 19. Nf5) 17...
Na7 18. Nd4 $1 axb4 19. axb4 c6 20. Rf3 Qb6 21. Rg3 Kh7 22. Kh1 cxd5 23. Nf5 $1
(23. Rxg7+ $1 Kxg7 24. Nf5+ Kg8 25. Qxh6 {mates.}) 23... Nh5 24. Rh3 (24. Rxg7+
Nxg7 25. Qxh6+ Kg8 26. Qxg7#) 24... Kg6 25. Nh4+ (25. Rxh5) 25... Kh7 26. Qd1
$2 (26. Nxd5) 26... Nf4 27. Rg3 g5 28. Nf5 Qc7 29. Nxd5 Bxd5 30. Bxd5 Nxd5 31.
Qxd5 Rad8 32. Rh3 Re6 33. Qd2 $2 (33. Nxh6 $1 Rxh6 34. Rf1 $1 Rf8 35. Rxh6+
Kxh6 36. Rf6+ Kh5 37. Qd1+ g4 38. Qd5+ Kh4 39. Rh6#) 33... Rg6 34. Qd3 (34.
Nxh6 $1 Rxh6 35. Qxg5 Rxh3 36. gxh3 Rg8 37. Qh5+ Kg7 38. Rg1+ Kf8 39. Qh6+)
34... f6 35. Qd4 (35. Nxh6 Rxh6 36. e5+ Kg7 37. exf6+ Rxf6 38. Qh7+ Kf8 39.
Qh8+ Kf7 40. Rh7+ Kg6 41. Rh6+) 35... Nc8 36. Qe3 (36. Nxh6 $1) 36... Ne7 37.
Nxe7 Qxe7 38. Rf1 Qe5 39. Rh5 $6 (39. Rhf3) 39... Qe8 40. Qa7+ Rg7 41. Qd4 $4 (
41. Qb6) 41... Qxh5 0-1

[Event "Mechanics' Peter Grey TNM; G/2 d5"]
[Site "San Francisco"]
[Date "2017.10.03"]
[Round "9.34"]
[White "Badgett Jr, James"]
[Black "Bennett, Tavis Lee"]
[Result "0-1"]
[WhiteElo "918"]
[BlackElo "1460"]
[PlyCount "102"]
[EventDate "2017.??.??"]

1. e4 e5 2. Nf3 Nc6 3. Bc4 Bc5 4. Nc3 Nf6 5. O-O d6 6. d3 O-O 7. Nd5 Bg4 8. Ne3
Bxf3 9. Qxf3 a6 10. Qg3 Nd4 11. Re1 Nh5 12. Qg4 Nf4 13. c3 h5 14. Qd1 Nde6 15.
Nf5 Qg5 16. Ng3 h4 17. d4 exd4 18. Qf3 hxg3 19. hxg3 Qh5 20. gxf4 Qxf3 21. gxf3
dxc3 22. bxc3 b5 23. Bd5 Rad8 24. f5 c6 25. Bxc6 Nc7 26. Kg2 Ne8 27. Rg1 Nf6
28. Bg5 Rb8 29. Kf1 Nh5 30. Be7 Nf4 31. Bxf8 Kxf8 32. Rd1 Rb6 33. Bd5 b4 34.
cxb4 Rxb4 35. Bb3 a5 36. Rg4 a4 37. Rxf4 axb3 38. axb3 Rxb3 39. Rh4 Rxf3 40.
Rd2 Ke7 41. Rc2 Kf6 42. Rg4 Bd4 43. Kg2 Rb3 44. Rg3 Rb1 45. Rc6 Be5 46. Rg4 Rb2
47. Rc1 Bd4 48. Rf1 Be5 49. Rd1 Rc2 50. Kh3 $2 Rxf2 51. Kh4 $4 Rh2# 0-1

[Event "Mechanics' Summer TNM; G/2 d5"]
[Site "San Francisco"]
[Date "2017.06.27"]
[Round "6.43"]
[White "Badgett Jr, James"]
[Black "Casares Jr, Nick"]
[Result "0-1"]
[WhiteElo "940"]
[BlackElo "1611"]
[PlyCount "88"]
[EventDate "2017.??.??"]

1. e4 e5 2. Nf3 Nc6 3. Nc3 Nf6 4. Bc4 Nxe4 5. Nxe4 d5 6. Neg5 e4 7. Bb3 Be7 8.
d4 exf3 9. Nxf3 Bg4 10. Be3 O-O 11. Qd2 h6 12. h3 Be6 13. c3 f5 14. Bc2 f4 15.
Qd3 Bf5 16. Qd1 Bxc2 17. Qxc2 fxe3 18. O-O-O exf2 19. Kb1 Bd6 20. Qxf2 Qf6 21.
Rd3 Rae8 22. Rf1 Qg6 23. Qc2 Bg3 24. a3 Na5 25. Rfd1 Nc4 26. Ka2 Ne3 27. Qb3
Nxd1 28. Qxd5+ Qe6 29. Qxe6+ Rxe6 30. Rxd1 Re2 31. Ne5 Bxe5 32. dxe5 Rff2 33.
Rd8+ Rf8 34. Rd7 Rf7 35. Rd8+ Rf8 36. Rd7 Rxe5 37. Rxc7 Rb5 38. Rd7 Rf2 39.
Rd8+ Kh7 40. a4 Rbxb2+ 41. Ka3 Rxg2 42. Rd4 a5 43. Rc4 Ra2+ 44. Kb3 Rgb2# 0-1

[Event "Mechanics' Peter Grey TNM; G/2 d5"]
[Site "San Francisco"]
[Date "2017.08.22"]
[Round "3.46"]
[White "Badgett Jr, James"]
[Black "Cunningham, Charles"]
[Result "0-1"]
[WhiteElo "918"]
[BlackElo "1377"]
[PlyCount "54"]
[EventDate "2017.??.??"]

1. e4 e5 2. Nf3 Qf6 3. Bc4 a6 4. d3 h6 5. Be3 Nc6 6. c3 Na5 7. Nbd2 b6 8. b4
Nc6 9. d4 exd4 10. Nxd4 Ne5 11. h3 Bb7 12. Qe2 Qg6 13. f3 Nf6 14. Bb3 Qg3+ 15.
Bf2 Qxg2 16. O-O-O {Diagram [#]} Qxf2 $1 17. Bxf7+ Kxf7 18. Nc4 Qxe2 19. Nxe2
Nxc4 20. Nd4 a5 21. Rde1 axb4 22. e5 Nd5 23. Rhf1 Rxa2 24. e6+ Ke8 25. exd7+
Kxd7 26. Nf5 b3 27. Kb1 Nxc3+ 0-1

[Event "Mechanics' Summer TNM; G/2 d5"]
[Site "San Francisco"]
[Date "2017.06.06"]
[Round "3.35"]
[White "Badgett Jr, James"]
[Black "Dupree, Charles"]
[Result "0-1"]
[WhiteElo "940"]
[BlackElo "1636"]
[PlyCount "67"]
[EventDate "2017.??.??"]

1. e4 c5 2. Bc4 a6 3. Nf3 b5 4. Bd5 Nc6 5. Ng5 e6 6. Bxc6 dxc6 7. d3 Qc7 8. Qf3
Nf6 9. Bf4 e5 10. Bg3 h6 11. Nh3 Bd6 12. Nc3 O-O 13. Bh4 Ng4 14. Qg3 f5 15. f4
exf4 16. Qf3 b4 17. Ne2 fxe4 18. Qxe4 Ne3 19. Rc1 Bxh3 20. gxh3 Rae8 21. Qf3
Nf5 22. Bf2 Nd4 23. Bxd4 cxd4 24. b3 Re3 25. Qg4 f3 26. Rf1 Rf4 27. Qh5 fxe2
28. Rxf4 Bxf4 29. Qg4 Bxh2 30. Kd2 Bf4 31. Rg1 Rg3+ 32. Ke1 Rxg4 33. hxg4 Qe5
34. Rg2 0-1

[Event "Mechanics' Fall TNM; G/2 d5"]
[Site "San Francisco"]
[Date "2017.10.31"]
[Round "2.41"]
[White "Badgett Jr, James"]
[Black "Malykin, Erika"]
[Result "0-1"]
[WhiteElo "974"]
[BlackElo "1540"]
[PlyCount "52"]
[EventDate "2017.??.??"]

1. e4 e6 2. d4 c5 3. Nf3 cxd4 4. Bd3 Nc6 5. O-O Bb4 6. a3 Ba5 7. b4 Bc7 8. c3
dxc3 9. Nxc3 a6 10. Re1 Nge7 11. e5 d5 12. Ra2 b5 13. Bb2 Ng6 14. Ne2 Bd7 15.
Bc2 Ncxe5 16. Ng3 Nxf3+ 17. Qxf3 O-O 18. Nh5 Bxh2+ 19. Kxh2 Qc7+ 20. Kg1 Qxc2
21. g3 f6 22. Re2 Qb1+ 23. Kh2 Qxa2 24. Nxf6+ gxf6 25. Bxf6 Rxf6 26. Qxf6 Qxe2
0-1

[Event "Mechanics' Fall TNM; G/2 d5"]
[Site "San Francisco"]
[Date "2017.11.14"]
[Round "4.42"]
[White "Badgett Jr, James"]
[Black "Rakonitz, David"]
[Result "0-1"]
[WhiteElo "974"]
[BlackElo "1583"]
[PlyCount "44"]
[EventDate "2017.??.??"]

1. e4 e6 2. d4 d5 3. c3 dxe4 4. Ne2 Nf6 5. Ng3 b6 6. Bg5 Bb7 7. Nd2 Be7 8. Bb5+
Nbd7 9. Qe2 O-O 10. Bxf6 Nxf6 11. Nc4 a6 12. Ba4 b5 13. Na5 Rb8 14. Bc2 c5 15.
Nxe4 Qxa5 16. Ng5 cxd4 17. b4 Qa3 18. O-O Qxc3 19. Rac1 Qxb4 20. Rb1 Qc5 21.
Rfc1 Qxg5 22. Qd3 Qxg2# 0-1

[Event "Mechanics' Peter Grey TNM; G/2 d5"]
[Site "San Francisco"]
[Date "2017.08.08"]
[Round "1.33"]
[White "Badgett Jr, James"]
[Black "Sherwood, Peter"]
[Result "0-1"]
[WhiteElo "918"]
[BlackElo "1659"]
[Annotator "Sherwood"]
[PlyCount "58"]
[EventDate "2017.??.??"]

1. e4 c5 2. Bc4 e6 3. d3 Nf6 4. Nc3 Nc6 5. Nf3 Bd6 6. O-O O-O 7. Re1 Ng4 8. Nb5
Bb8 9. h3 Nge5 10. d4 $2 Nxc4 11. dxc5 a6 12. Nc3 b6 13. b3 N4e5 (13... Qf6 $5
14. bxc4 Qxc3 15. Bd2 Qxc4) 14. Be3 Nxf3+ 15. Qxf3 bxc5 16. Bxc5 Re8 17. Rad1
Qf6 18. Qxf6 gxf6 19. e5 $6 Bxe5 20. Ne4 d5 21. Nd6 Rd8 22. Nxc8 Raxc8 23. Bb6
Bc7 24. Bd4 Nxd4 25. Rxd4 Be5 26. Rg4+ Kh8 27. Re2 d4 28. h4 $2 (28. Rge4 d3
29. cxd3 Rxd3) 28... d3 29. cxd3 $4 Rc1+ 0-1

[Event "Mechanics' Summer TNM; G/2 d5"]
[Site "San Francisco"]
[Date "2017.07.11"]
[Round "7.44"]
[White "Badgett Jr, James"]
[Black "Simpkins, Jerry"]
[Result "0-1"]
[WhiteElo "940"]
[BlackElo "1476"]
[PlyCount "40"]
[EventDate "2017.??.??"]

1. e4 e5 2. Nf3 f5 3. c3 fxe4 4. Nxe5 Nf6 5. Qb3 d5 6. Bb5+ c6 7. Ba4 b5 8.
Bxb5 cxb5 9. Qxb5+ Bd7 10. Qb7 Bd6 11. Qxa8 Bxe5 12. Qxa7 O-O 13. b3 Nc6 14.
Qc5 Ng4 15. Qxd5+ Kh8 16. Ba3 Rxf2 17. Qxe4 Qh4 18. Kd1 Rf7 19. Bc5 Nf2+ 20.
Bxf2 Qxe4 0-1

[Event "Mechanics' Fall TNM; G/2 d5"]
[Site "San Francisco"]
[Date "2017.12.19"]
[Round "9.32"]
[White "Baer, Michael"]
[Black "Boldt, Tim"]
[Result "0-1"]
[WhiteElo "1416"]
[BlackElo "1156"]
[Annotator "Donaldson"]
[PlyCount "32"]
[EventDate "2017.??.??"]

1. e4 e5 2. Bc4 Nc6 3. Nf3 Nd4 $6 4. Nxe5 $2 (4. c3) (4. O-O) (4. Nxd4 exd4 5.
O-O {is an improved version of Bird's variation of the Ruy Lopez (1.e4 e5 2.
Nf3 Nc6 3.Bb5 Nd4 4.Nxd4 exd4 5.0-0 c6 6.Bc4) as White is a tempo up.}) 4...
Qg5 5. Ng4 $2 {Diagram [#]} (5. Bxf7+ Kd8 6. O-O Qxe5 7. c3 Ne6 8. d3 Qf6 9.
Bh5 {might not be not completely correct, but White's best try with 2 pawns
for the piece, the center and Black without the possibility to castle.}) (5.
Nxf7 Qxg2 6. Rf1 Qxe4+ 7. Be2 Nf3# {is an old trap.}) 5... d5 $1 6. d3 Qxg4 7.
Qxg4 Bxg4 8. Bxd5 Nxc2+ 9. Kd2 Nxa1 10. f3 Be6 11. Nc3 Bxd5 12. Nxd5 O-O-O 13.
Kd1 Ne7 14. Nf4 Nc6 15. Be3 b6 16. Nd5 Nb4 0-1

[Event "Mechanics' Peter Grey TNM; G/2 d5"]
[Site "San Francisco"]
[Date "2017.09.12"]
[Round "6.34"]
[White "Baer, Michael Alan"]
[Black "Abraham, Michael D"]
[Result "0-1"]
[WhiteElo "1354"]
[BlackElo "1535"]
[PlyCount "68"]
[EventDate "2017.??.??"]

1. d4 d5 2. Bf4 e6 3. e3 Nf6 4. Nf3 c5 5. c3 Nc6 6. h3 Bd6 7. Bxd6 Qxd6 8. Bd3
O-O 9. Nbd2 Re8 10. O-O e5 11. dxe5 Nxe5 12. Nxe5 Rxe5 13. Qf3 Rh5 14. Qg3 Qb6
15. b3 Bd7 16. Be2 Rh6 17. Rfd1 {Diagram [#]} Bxh3 $1 18. Bf1 Re8 19. Qf3 $2
Bg4 20. Qf4 Bxd1 21. Rxd1 Qe6 22. Nf3 Nh5 23. Qc7 Nf6 24. Ng5 Qe7 25. Qf4 Nh5
26. Qg4 Qe5 27. Nf3 Qxc3 28. Qd7 Rf8 29. Qxd5 Ng3 30. Nh2 Nxf1 31. Rxf1 b6 32.
Ng4 Re6 33. Rd1 Qb4 34. Qd7 $2 Qxg4 0-1

[Event "Mechanics' Summer TNM; G/2 d5"]
[Site "San Francisco"]
[Date "2017.06.06"]
[Round "3.32"]
[White "Baer, Michael Alan"]
[Black "Acharya, Venkatagi"]
[Result "0-1"]
[WhiteElo "1306"]
[BlackElo "1710"]
[Annotator "Donaldson"]
[PlyCount "84"]
[EventDate "2017.??.??"]

1. d4 Nf6 2. Nf3 g6 3. Nc3 Bg7 4. e4 d5 5. exd5 Nxd5 6. Nxd5 Qxd5 7. c3 O-O 8.
Be3 Nd7 9. Be2 Nf6 10. O-O b6 11. Ne5 Ne4 12. Bc4 Qd8 {Diagram [#]} (12... Qb7)
13. Qb3 $2 (13. Qf3 $1 Bf5 14. g4 Nd6 15. Nxf7 $1) 13... Bxe5 14. dxe5 e6 15.
Rad1 Qe7 16. Rd4 Bb7 17. Bd3 Nc5 18. Qc2 Nxd3 19. Qxd3 Rfd8 20. Rd1 Bd5 21. c4
c5 22. cxd5 cxd4 23. d6 Qb7 24. Qxd4 Qd5 25. Qxd5 exd5 26. Rc1 f6 27. f4 Rac8
28. Rc3 Kf7 29. Kf2 Ke6 30. Bd4 Rxc3 31. Bxc3 fxe5 32. fxe5 Rf8+ 33. Ke2 h5 34.
h3 Rf4 35. Ke3 g5 36. g3 Rc4 37. a3 b5 38. Kf3 Re4 39. b3 g4+ 40. hxg4 hxg4+
41. Kf2 d4 42. Bb2 d3 0-1

[Event "Mechanics' Summer TNM; G/2 d5"]
[Site "San Francisco"]
[Date "2017.06.20"]
[Round "5.43"]
[White "Baer, Michael Alan"]
[Black "Casares Jr, Nick"]
[Result "1-0"]
[WhiteElo "1306"]
[BlackElo "1611"]
[Annotator "Winslow"]
[PlyCount "101"]
[EventDate "2017.??.??"]

1. d4 d5 2. Bf4 Bf5 3. Nf3 Nf6 4. Nbd2 e6 5. e3 Be7 6. c4 c6 7. Qb3 Qb6 8. c5
Qxb3 9. axb3 Nbd7 10. Be2 (10. b4 a6 11. b5) 10... O-O 11. h3 a5 12. O-O b6 13.
cxb6 Nxb6 14. Bc7 Bd8 15. Bd6 Re8 16. Ne5 Be7 17. Bxe7 Rxe7 18. Nxc6 Rc7 19.
Rfc1 Rac8 20. Bb5 Kf8 21. Rxa5 Nfd7 22. Ra6 e5 23. Nf3 f6 24. Rc3 Rb7 25. Ra1
Nb8 26. Rac1 Bd7 27. Nxb8 Rcxb8 28. Bxd7 Nxd7 29. Rc8+ Ke7 30. Rxb8 Rxb8 31.
Rc3 e4 32. Nd2 Ra8 33. Kf1 Ra2 34. Rc2 Ra1+ 35. Ke2 Rg1 36. g3 Rh1 37. h4 h5
38. Nf1 g5 39. hxg5 fxg5 40. b4 h4 41. gxh4 gxh4 42. b5 h3 43. Rc6 Nf6 44. b6
h2 {[#]} 45. b7 Rxf1 46. b8=Q Re1+ 47. Kxe1 h1=Q+ 48. Kd2 Kf7 49. Qc7+ Kg6 50.
Qf4 Qf3 51. Rxf6+ 1-0

[Event "Mechanics' Fall TNM; G/2 d5"]
[Site "San Francisco"]
[Date "2017.11.21"]
[Round "5.28"]
[White "Baer, Michael Alan"]
[Black "Chan, John"]
[Result "1/2-1/2"]
[WhiteElo "1416"]
[BlackElo "1647"]
[PlyCount "133"]
[EventDate "2017.??.??"]

1. e4 e6 2. d3 c6 3. Nd2 a6 4. Ngf3 h6 5. g3 Nf6 6. Bg2 Bc5 7. d4 Ba7 8. e5 Nd5
9. O-O Bb6 10. Ne4 Bc7 11. c3 b5 12. a3 Bb7 13. Re1 Ne7 14. Bf4 Ng6 15. Be3 a5
16. Qc1 Ba6 17. h4 Ne7 18. Nc5 Bc8 19. Ne4 Nd5 20. Bd2 Nb6 21. Nh2 Na6 22. f4
Bb7 23. Qc2 Nd5 24. Rf1 Qe7 25. f5 O-O-O 26. b3 Kb8 27. Ng4 Bb6 28. f6 gxf6 29.
Ngxf6 Nxf6 30. Nxf6 Nc7 31. Kh2 Rc8 32. Qc1 Nd5 33. Nxd5 cxd5 34. Qd1 Qe8 35.
Qf3 Qf8 36. Qxf7 Qxf7 37. Rxf7 Bc6 38. Rf6 h5 39. Raf1 Rcg8 40. Bg5 Bd8 41. Rf7
Bxg5 42. hxg5 Rxg5 43. Rf8+ Rxf8 44. Rxf8+ Kc7 45. Kh3 Rg7 46. Kh4 Rg4+ 47. Kh3
d6 48. Rf7+ Bd7 49. Bf3 Rg5 50. Kh4 Rf5 51. Rxf5 exf5 52. Bxd5 dxe5 53. dxe5
Kb6 54. c4 bxc4 55. Bxc4 Kc5 56. Kg5 Kd4 57. e6 Be8 58. a4 Ke5 59. Bb5 Bxb5 60.
axb5 Kxe6 61. b6 Kd7 62. b7 Kc7 63. b8=Q+ Kxb8 64. Kxf5 Kb7 65. Ke4 Kc6 66. Kd4
Kb5 67. Kd3 1/2-1/2

[Event "Mechanics' Peter Grey TNM; G/2 d5"]
[Site "San Francisco"]
[Date "2017.08.29"]
[Round "4.35"]
[White "Baer, Michael Alan"]
[Black "Cohee, James"]
[Result "1/2-1/2"]
[WhiteElo "1354"]
[BlackElo "1604"]
[PlyCount "73"]
[EventDate "2017.??.??"]

1. d4 d5 2. Bf4 Nf6 3. e3 g6 4. Nf3 Bg7 5. Nbd2 O-O 6. c4 e6 7. cxd5 exd5 8.
Be2 Nbd7 9. Rc1 c6 10. O-O Re8 11. h3 Qe7 12. a3 Ne4 13. Nxe4 dxe4 14. Nd2 Nf6
15. Nc4 Nd5 16. Bg3 Qg5 17. Nd6 Re7 18. Nxc8 Rxc8 19. Qa4 a6 20. Qb3 Rce8 21.
Bd6 Rd7 22. Bg3 Bf8 23. Bc4 Qe7 24. Be5 Qe6 25. Qc2 f5 26. Qb3 Bd6 27. Bxd6
Qxd6 28. Bxd5+ Qxd5 29. Qxd5+ Rxd5 30. Rc2 Kf7 31. Rfc1 Ke6 32. Rc5 Red8 33.
Kf1 Rxc5 34. Rxc5 Rd5 35. Rc2 Kd6 36. Ke2 c5 37. dxc5+ 1/2-1/2

[Event "Mechanics' Summer TNM; G/2 d5"]
[Site "San Francisco"]
[Date "2017.07.11"]
[Round "7.41"]
[White "Baer, Michael Alan"]
[Black "Enkh, Tergelsar"]
[Result "0-1"]
[WhiteElo "1306"]
[BlackElo "1414"]
[PlyCount "64"]
[EventDate "2017.??.??"]

1. d4 Nf6 2. Bf4 d5 3. e3 Bf5 4. Nf3 e6 5. Nbd2 Nc6 6. Bb5 a6 7. Be2 Bd6 8.
Bxd6 cxd6 9. c4 dxc4 10. Bxc4 Nb4 11. O-O b5 12. Be2 Rc8 13. a3 Bc2 14. Qe1 Nd3
15. Bxd3 Bxd3 16. Rc1 Bxf1 17. Qxf1 O-O 18. h3 Rc7 19. b4 Qc8 20. Ra1 Rc2 21.
Qd3 Rc1+ 22. Rxc1 Qxc1+ 23. Kh2 Rc8 24. e4 Rc3 25. Qe2 Rxa3 26. e5 dxe5 27.
Qxe5 Rc3 28. Nb3 Nd7 29. Qd6 Rxb3 30. Qxd7 g5 31. Qd8+ Kg7 32. Nxg5 Qf4+ 0-1

[Event "Mechanics' Peter Grey TNM; G/2 d5"]
[Site "San Francisco"]
[Date "2017.08.15"]
[Round "2.32"]
[White "Baer, Michael Alan"]
[Black "Liang, Ting"]
[Result "0-1"]
[WhiteElo "1354"]
[BlackElo "1559"]
[PlyCount "66"]
[EventDate "2017.??.??"]

1. d4 Nf6 2. Bf4 g6 3. e3 Bg7 4. Nf3 d6 5. Be2 c5 6. c3 cxd4 7. exd4 Nc6 8. O-O
O-O 9. Nbd2 Re8 10. h3 e5 11. dxe5 dxe5 12. Be3 Nd5 13. Bg5 f6 14. Bh4 Nf4 15.
Bc4+ Be6 16. Qb3 Na5 17. Bxe6+ Rxe6 18. Qc2 g5 19. Bg3 Ne2+ 20. Kh2 Qd5 21.
Rfd1 Nxg3 22. Kxg3 e4 23. Nb3 Qf5 24. Kh2 Nxb3 25. axb3 Qf4+ 26. Kg1 exf3 27.
g3 Qe4 28. Qd2 Qc6 29. Ra4 Bf8 30. Rc4 Qb6 31. Qd5 Kg7 32. Qxf3 Qxb3 33. Rb4
Bxb4 0-1

[Event "Mechanics' Fall TNM; G/2 d5"]
[Site "San Francisco"]
[Date "2017.10.24"]
[Round "1.22"]
[White "Baer, Michael Alan"]
[Black "Marcus, Joel"]
[Result "0-1"]
[WhiteElo "1416"]
[BlackElo "1920"]
[PlyCount "94"]
[EventDate "2017.??.??"]

1. e4 d6 2. Nf3 Nf6 3. d3 Nbd7 4. g3 e5 5. Bg2 c6 6. O-O Be7 7. Nbd2 O-O 8. Re1
Nc5 9. h3 Qc7 10. Nf1 Ne6 11. N1h2 Bd7 12. Ng5 Nxg5 13. Bxg5 h6 14. Be3 Nh7 15.
f4 f5 16. exf5 Bxf5 17. fxe5 dxe5 18. g4 Bg6 19. Qe2 Bd6 20. Rf1 Nf6 21. Nf3
Nd5 22. Nh4 Bh7 23. Bd2 Nf4 24. Bxf4 exf4 25. Nf3 Rae8 26. Qd2 Qb6+ 27. Kh1 Bc5
28. Qc3 Be3 29. Qc4+ Kh8 30. Qc3 Bg8 31. a3 Bd5 32. Qb4 Qc7 33. c4 Bxf3 34.
Bxf3 a5 35. Qc3 Qe7 36. Qc2 Qh4 37. Qg2 Re7 38. Be4 Rfe8 39. Rf3 Rd8 40. Qf1
Qf6 41. Rb1 Qd4 42. Kh2 Rxe4 43. dxe4 Qxe4 44. Re1 Qc2+ 45. Re2 Rd2 46. Rxd2
Qxd2+ 47. Qg2 Qd4 {The position is equal but Black won in mutual time pressure.
The remaining moves are unavailable.} 0-1

[Event "Mechanics' Summer TNM; G/2 d5"]
[Site "San Francisco"]
[Date "2017.07.18"]
[Round "8.43"]
[White "Baterdene, Jonathan"]
[Black "Cowgill, Jackie"]
[Result "1-0"]
[WhiteElo "1079"]
[BlackElo "946"]
[Annotator "Donaldson"]
[PlyCount "125"]
[EventDate "2017.??.??"]

1. d4 d5 2. c4 c6 3. Nc3 dxc4 4. e4 b5 5. a3 Nf6 6. Nf3 e6 7. e5 Nd5 8. Nxd5
cxd5 9. g3 Be7 10. Bg2 O-O 11. O-O Nd7 12. Bh3 Re8 13. Ne1 a5 14. Nc2 Ba6 15.
f4 Nf8 16. b4 cxb3 17. Ne1 b4 18. Rf2 Bc4 19. Bf1 bxa3 20. Bxc4 b2 21. Bxb2
axb2 22. Rxb2 dxc4 23. Rf2 Qd5 24. Nc2 Nd7 25. Ne3 Qe4 26. Nxc4 Qg6 27. Qa4
Red8 28. Rff1 h5 29. Nxa5 h4 30. Nc6 Rxa4 31. Nxe7+ Kh7 32. Nxg6 Rxa1 33. Rxa1
Kxg6 34. gxh4 Nb6 35. Kf2 Rxd4 36. Ke3 Rb4 37. Rg1+ Kh7 38. Rg5 Nd5+ 39. Kf3
Rxf4+ 40. Kg3 f6 41. exf6 gxf6 42. Rh5+ Kg7 43. Rxd5 Ra4 $4 (43... exd5 44.
Kxf4 Kg6 {with a winning king and pawn ending would be the logical culmination
of Black's excellent earlier play.}) 44. Rd7+ Kg6 45. Rd6 Kf5 46. h5 Rg4+ 47.
Kh3 Rg7 48. Ra6 Rh7 49. Ra5+ e5 50. Kh4 Rc7 51. Ra4 Rd7 52. Rg4 e4 53. h6 e3
54. Rg1 $1 e2 (54... Ke4) 55. Re1 Re7 56. Kh5 Kf4 57. Kg6 f5 58. h7 Rxh7 59.
Kxh7 {Diagram [#]} Kf3 $4 (59... Ke3 60. h4 (60. Kg6 $2 f4) 60... f4 61. Rxe2+
Kxe2 62. h5 f3 63. Kg7 f2 64. h6 f1=Q 65. h7 {draws.}) 60. Kg6 Kf2 61. Rxe2+
Kxe2 62. Kxf5 Kf3 63. h4 1-0